000 00788cam a22002651a 4500
001 17378
003 BD-RjUL
005 20211209000129.0
008 140216s1961 nyu 001 0 eng
035 _a(BD-RjUL)17436
035 _a(OCoLC)237163
040 _aDLC
_cODaWU
_dOCoLC
_dLLcM
_dDLC
_beng
041 _aeng
082 _a665.5
_bLOO 1961
100 1 _aLongrigg, Stephen Hemsley.
_953548
245 1 0 _aOil in the Middle East :
_bits discovery and development /
_cStephen Hemsley Longrigg.
250 _a2d ed.
260 _aNew York :
_bOxford University Press,
_c1961.
300 _a401 p. ;
_c23 cm.
504 _aIncludes index
650 0 _aPetroleum industry and trade
_zMiddle East.
_953549
942 _2ddc
_cBK
999 _c17378
_d17378